Cell biology / (Record no. 35580)
[ view plain ]
| 000 -LEADER | |
|---|---|
| fixed length control field | 01074nam a2200313 a 4500 |
| 001 - CONTROL NUMBER | |
| control field | 35580 |
| 003 - CONTROL NUMBER IDENTIFIER | |
| rucl marc code | BD-RjUL |
| 005 - DATE AND TIME OF LATEST TRANSACTION | |
| control field | 20211209052339.0 |
| 008 - FIXED-LENGTH DATA ELEMENTS--GENERAL INFORMATION | |
| fixed length control field | 060707s2008 paua b 001 0 eng |
| 020 ## - INTERNATIONAL STANDARD BOOK NUMBER | |
| International Standard Book Number | 1416022554 |
| International Standard Book Number | 9781416022558 |
| 035 ## - SYSTEM CONTROL NUMBER | |
| System control number | (OCoLC)ocm70284432 |
| System control number | (OCoLC)70284432 |
| -- | (BD-RjUL)35675 |
| 040 ## - CATALOGING SOURCE | |
| Original cataloging agency | DLC |
| Transcribing agency | DLC |
| Modifying agency | BAKER |
| -- | BTCTA |
| -- | C#P |
| -- | UKM |
| -- | YDXCP |
| -- | DLC |
| -- | BD-RjUL |
| Language of cataloging | eng |
| 041 ## - LANGUAGE CODE | |
| Language code of text/sound track or separate title | eng |
| 082 00 - DEWEY DECIMAL CLASSIFICATION NUMBER | |
| Classification number | 571.6 |
| Edition number | 22 |
| Author mark and year | POC 2008 |
| 100 1# - MAIN ENTRY--PERSONAL NAME | |
| Personal name | Pollard, Thomas D. |
| Fuller form of name | (Thomas Dean), |
| Dates associated with a name | 1942- |
| 9 (RLIN) | 113697 |
| 245 10 - TITLE STATEMENT | |
| Title | Cell biology / |
| Statement of responsibility, etc. | Thomas D. Pollard, William C. Earnshaw ; with Jennifer Lippincott-Schwartz ; illustrated by Graham T. Johnson. |
| 250 ## - EDITION STATEMENT | |
| Edition statement | 2nd ed. |
| 260 ## - PUBLICATION, DISTRIBUTION, ETC. (IMPRINT) | |
| Place of publication, distribution, etc. | Philadelphia : |
| Name of publisher, distributor, etc. | Saunders/Elsevier, |
| Date of publication, distribution, etc. | c2008. |
| 300 ## - PHYSICAL DESCRIPTION | |
| Pagination | xix, 905 p. : |
| Illustrations | ill. (chiefly col.) ; |
| Size | 29 cm. |
| 504 ## - BIBLIOGRAPHY, ETC. NOTE | |
| Bibliography, etc | Includes bibliographical references. |
| 650 #0 - SUBJECT ADDED ENTRY--TOPICAL TERM | |
| Topical term or geographic name as entry element | Cytology. |
| 9 (RLIN) | 113698 |
| 700 1# - ADDED ENTRY--PERSONAL NAME | |
| Personal name | Earnshaw, William C. |
| Personal name | Lippincott-Schwartz, Jennifer. |
| 942 ## - ADDED ENTRY ELEMENTS (KOHA) | |
| Source of classification or shelving scheme | Dewey Decimal Classification |
| Koha item type | Books |
| Lost status | Source of classification or shelving scheme | Damaged status | Not for loan | Collection code | Permanent Location | Current Location | Shelving location | Date acquired | Source of acquisition | Cost, normal purchase price | Total Checkouts | Full call number | Date last seen | Copy number | Koha item type |
|---|---|---|---|---|---|---|---|---|---|---|---|---|---|---|---|
| Dewey Decimal Classification | Not For Loan | Non-fiction | Central Library, University of Rajshahi | Central Library, University of Rajshahi | Reading Room | 17/02/2013 | Trim Education, Dhaka | 3650.00 | 571.6 POC 2008 | 25/10/2014 | C-1 | Books |